Państwa mówiące w języku hiszpańskim - Statystyki

Ogólne statystyki
  • Ten quiz został rozwiązany 199 razy
  • Średni wynik to 17 z 22
Statystyki odpowiedzi
Państwo % Poprawnych
Hiszpania
99%
Argentyna
93%
Chile
87%
Kolumbia
86%
Meksyk
86%
Wenezuela
86%
Peru
84%
Boliwia
83%
Ekwador
82%
Paragwaj
82%
Panama
81%
Urugwaj
81%
Dominikana
75%
Honduras
75%
Kostaryka
73%
Salwador
73%
Kuba
72%
Nikaragua
72%
Gwatemala
69%
Belize
60%
Andora
56%
Gwinea Równikowa
30%
Nie znaleziono quizów pasujących do podanych kryteriów
Rozkład punktacji
Procent ludzi z każdym wynikiem
Percentyl według liczby udzielonych odpowiedzi
Twoja historia wyników
Nie rozwiązałeś tego quizu